| 000 | 00354nam a2200145 a 4500 | ||
|---|---|---|---|
| 001 | 720 | ||
| 003 | CDMR | ||
| 005 | 20130116135157.0 | ||
| 008 | 130130s1983||||||||||||||||||||||||||||d | ||
| 040 |
_aCDMR _bcat _cCDMR |
||
| 100 | 1 |
_aOliva, Salvador _9557 |
|
| 245 | 1 | 0 | _aDiccionari anglès-català |
| 260 |
_aBarcelona _c1983 _bEnciclopèdia Catalana |
||
| 942 | _cMON | ||
| 999 |
_c720 _d720 |
||